000 00432nam a2200157Ia 4500
008 240729s9999 xx 000 0 und d
022 _a1687-6342
245 0 _aAdvances in Pharmacological Sciences
260 _aUnited Kingdom
260 _bHindawi Limited
650 _a Therapeutics. Pharmacology
650 _aMedicine
856 _uhttps://doaj.org/toc/5fcf6c99958541e9b3d97f2d467926d6
942 _2ddc
942 _cDOAJEJ
999 _c71417
_d71417
945 _a1
_bMadushi Gamage
_c1
_dMadushi Gamage